000
00199nam a22000977a 4500
041
_a
ENG
245
_a
Draught Animal Power Manual
260
_a
Delhi
_b
FAO
_c
1995
650
_a
FMP
856
_u
FMP ( 04 )
999
_c
1471
_d
1471